Gezi direnişi (Record no. 7438)

MARC details
000 -BAŞLIK
Sabit Uzunlukta Kontrol Alanı 00706na a2200253 4500
001 - KONTROL NUMARASI
Denetim Alanı 19539
003 - KONTROL NUMARASI IDENTIFIER
Denetim Alanı MIRAKIL
005 - SON İŞLEM TARİHİ VE ZAMANI
Denetim Alanı 20181213155138.0
008 - SABİT-BOY VERİ ELEMANLARI - GENEL BİLGİLER
Sabit Uzunlukta Kontrol Alanı 170213b tu 000 0
020 ## - ULUSLARARASI STANDART KİTAP NUMARASI
Uluslararası Standart Kitap Numarası 9786051400358
040 ## - KATALOGLAMA KAYNAK
Orijinal Kataloglama Ajansı Milas
Kataloglama Dili tur
Metne Dönüştürmek Ajansı TR-AnCHP
041 ## - DİL KODU
Metin / Ses Parça Veya Ayrı Başlığın Dil Kodu tur
082 ## - DEWEY ONLU SINIFLANDIRMA NUMARASI
Sınıflandırma Numarası 322.4
Ürün Numarası K65g 2013
090 ## - SINIFLAMA NUMARASI
Sınıflama Numarası 322.4 K65g 2013
100 ## - ANA GİRİŞ - KİŞİSEL İSİM
Kişisel Ad Kongar, Emre
245 ## - BAŞLIK TABLOSU
Başlık Gezi direnişi
Sorumluluk Tablosu, Vb Emre Kongar, Aykut Küçükkaya
260 ## - YAYIN, DAĞITIM, VB
Yayın, Dağıtım, Vb Yeri İstanbul
Yayıncı, Dağıtıcı, Vs Adı Cumhuriyet Kitapları
Yayın, Dağıtım, Vb Tarihi 2013
300 ## - FİZİKSEL TANIM
Kapsam 189 s.
Boyutlar 23 sm.
500 ## - GENEL NOT
Genel Not Dış kapakta yapıt adı: Türkiye'yi sarsan otuz gün
650 ## - KONU KATMA GİRİŞ - TOPİKAL DÖNEM
Topikal Süreli Veya Coğrafi Ad Giriş Elemanı Gezi direnişi
650 ## - KONU KATMA GİRİŞ - TOPİKAL DÖNEM
Topikal Süreli Veya Coğrafi Ad Giriş Elemanı Gezi Parkı Olayları
700 ## - KATMA GİRİŞ - KİŞİSEL İSİM
Kişisel Ad Küçükkaya, Aykut
942 ## - EKLENDİ GİRİŞ ELEMANLARI (KOHA)
Sınıflandırma Veya Raf Düzeni Kaynak
Koha Öğesi Türü Books
999 ## - SİSTEM KONTROL NUMARALARI (KOHA)
Koha Biblionumber 7438
Koha Biblioitemnumber 7438
Holdings
Kalıcı Konum Mevcut Konum Edinme Tarihi Edinim Kaynak Toplam Check-Out'Lar Tam Çağrı Numarası Barkod Tarih Son Görülme İtibaren Geçerli Fiyatlar Koha Öğesi Türü Kopya Sayısı
CHP Kütüphanesi CHP Kütüphanesi 12/16/2016 Bağış   322.4 K65g 2013 010737 12/16/2016 12/16/2016 Books  
CHP Kütüphanesi CHP Kütüphanesi 02/13/2017 Bağış   322.4 K65g 2013 012398 02/13/2017 02/13/2017 Books k.2
CHP Kütüphanesi CHP Kütüphanesi 02/13/2017 Bağış   322.4 K65g 2013 012399 02/13/2017 02/13/2017 Books k.3